गुप्त अभिलेख (Record no. 66980)

MARC details
000 -LEADER
fixed length control field 00771nam a22001577a 4500
005 - DATE AND TIME OF LATEST TRANSACTION
control field 20120521162534.0
020 ## - INTERNATIONAL STANDARD BOOK NUMBER
Terms of availability 425.00
100 ## - MAIN ENTRY--PERSONAL NAME
Personal name उपाध्याय, वासुदेव
245 ## - TITLE STATEMENT
Title गुप्त अभिलेख
Statement of responsibility, etc वासुदेव उपाध्याय
260 ## - PUBLICATION, DISTRIBUTION, ETC. (IMPRINT)
Place of publication, distribution, etc पटना
Name of publisher, distributor, etc बिहार हिन्दी ग्रन्थ अकादमी
Date of publication, distribution, etc 2010
270 ## - ADDRESS
Address प्रेमचन्द मार्ग, राजेन्द्र नगर
Postal code 800016
300 ## - PHYSICAL DESCRIPTION
Extent वि.पृ.
Dimensions 22 सें.मी. (अजिल्द)
942 ## - ADDED ENTRY ELEMENTS (KOHA)
Source of classification or shelving scheme Dewey Decimal Classification
Item type Hindi Books
Call number suffix उपाध्या
Holdings
Withdrawn status Lost status Not for loan Home library Current library Date acquired Cost, normal purchase price Full call number Cost, replacement price Koha item type
    Ordered Andrews Gunj Andrews Gunj 21/05/2012 425.00 उपाध्या 425.00 Hindi Books

© Delhi Public Library
Hit Counter
free hit counter